|
|
|
|
| LEADER |
00000nab a22000005a 4500 |
| 001 |
AR-BbUGT7354 |
| 003 |
AR-BbUGT |
| 005 |
20181220002457.0 |
| 007 |
ta |
| 008 |
171012s2004||||ag |||p |||| 0|||||spa d |
| 040 |
|
|
|a AR-BbUGT
|c AR-BbUGT
|
| 100 |
1 |
|
|a Gutierrez Puebla, Javier
|
| 245 |
1 |
0 |
|a Producción de suelo industrial en la Comunidad de Madrid :
|b expansión, dispersión y fragmentación del espacio industrial /
|c Javier Gutierrez Puebla
|
| 653 |
|
|
|a Revista
|
| 653 |
|
|
|a Anales de Geografía de la Universidad Complutense
|
| 653 |
|
|
|a Madrid
|
| 653 |
|
|
|a Suelo Industrial
|
| 773 |
0 |
|
|o R28.44
|g Vol. 24 (2004), p. 169-192
|t Anales de Geografía de la Universidad Complutense
|x 0211-9803
|w AR-BbUGT7002
|
| 942 |
|
|
|2 ddc
|c ARTPP
|
| 999 |
|
|
|c 12857
|d 12857
|